[Event "Satty Zhuldyz Rapid"]
[Site "Astana KAZ"]
[Date "2023.04.20"]
[Round "4.3"]
[White "Alexander Grischuk"]
[Black "Arjun Erigaisi"]
[Result "1/2-1/2"]
[EventDate "2023.04.20"]
[WhiteElo "2745"]
[BlackElo "2701"]
[PlyCount "32"]

1. e4 c5 2. Nf3 d6 3. d4 cxd4 4. Nxd4 Nf6 5. Nc3 g6 6. Be3 Bg7 7. f3 O-O 8. Bc4 Nc6 9. Bb3 Bd7 10. h4 h5 11. Qd2 Ne5 12. O-O-O Rc8 13. Bg5 Nc4 14. Qd3 Ne5 15. Qd2 Nc4 16. Qd3 Ne5 1/2-1/2

[Event "Chessable Masters Div 2"]
[Site "chess.com INT"]
[Date "2023.04.04"]
[Round "6"]
[White "Nodirbek Abdusattorov"]
[Black "Erigaisi Arjun"]
[Result "1/2-1/2"]
[EventDate "?"]
[WhiteElo "2703"]
[BlackElo "2685"]
[PlyCount "156"]

1. e4 e5 2. Nf3 Nc6 3. d4 exd4 4. Nxd4 Nf6 5. Nxc6 bxc6 6. e5 Qe7 7. Qe2 Nd5 8. h4 f6 9. c4 Ba6 10. exf6 Qxe2+ 11. Bxe2 Nxf6 12. O-O Bc5 13. Nc3 O-O 14. Bf4 Rae8 15. Bxc7 Ne4 16. Nxe4 Rxe4 17. Bd3 Rxh4 18. Rad1 Bxc4 19. Bxc4+ Rxc4 20. Rxd7 Bxf2+ 21. Rxf2 Rc1+ 22. Kh2 Rxf2 23. Be5 Rf5 24. Rxg7+ Kf8 25. Bd4 Rd5 26. Rg4 Rc2 27. Bc3 Rd6 28. Rf4+ Kg8 29. Bf6 h5 30. Rf5 Rd5 31. Rf3 Kh7 32. Kh3 Kg6 33. Bc3 Rf5 34. Re3 Kf7 35. g3 Rcf2 36. Re4 Rf1 37. Rc4 R5f2 38. Kh4 Rh1+ 39. Kg5 Rf3 40. Be5 Ke6 41. Bf4 Kd5 42. Ra4 c5 43. b3 Rf2 44. Rxa7 Rhh2 45. a3 Ra2 46. Rd7+ Ke4 47. Re7+ Kd4 48. Rd7+ Kc3 49. Rc7 Kxb3 50. Rxc5 Rh1 51. Kg6 Rxa3 52. Kg5 Ra6 53. Rf5 Kc4 54. Rf8 Kd3 55. Rd8+ Ke4 56. Re8+ Kf3 57. Re3+ Kf2 58. Re5 Rc6 59. Ra5 Rc4 60. Ra2+ Kf3 61. Ra3+ Ke4 62. Re3+ Kd4 63. Re5 Rc8 64. Ra5 Rc5+ 65. Rxc5 Kxc5 66. Kg6 Kd5 67. Bg5 Ke6 68. Bh4 Rb1 69. Kxh5 Kf7 70. g4 Rb5+ 71. g5 Rb4 72. Be1 Rb5 73. Bc3 Rd5 74. Bf6 Rb5 75. Bd4 Rd5 76. Bf6 Rb5 77. Bd4 Rd5 78. Bf6 1/2-1/2

[Event "Chessable Masters Div 2"]
[Site "chess.com INT"]
[Date "2023.04.04"]
[Round "7"]
[White "Erigaisi Arjun"]
[Black "Nodirbek Abdusattorov"]
[Result "0-1"]
[EventDate "?"]
[WhiteElo "2685"]
[BlackElo "2703"]
[PlyCount "82"]

1. d4 d5 2. c4 e6 3. Nc3 Nf6 4. cxd5 exd5 5. Bg5 Bb4 6. e3 h6 7. Bh4 g5 8. Bg3 Ne4 9. Ne2 h5 10. h3 Nc6 11. Bh2 Qf6 12. f3 Nxc3 13. Nxc3 Bf5 14. Bb5 O-O-O 15. O-O Bd6 16. Bxd6 Qxd6 17. Bxc6 Qxc6 18. Rc1 Kb8 19. Qb3 Qd7 20. Na4 Qd6 21. Rf2 Rhe8 22. Rc3 Bc8 23. Nc5 Re7 24. Qa4 g4 25. fxg4 hxg4 26. hxg4 Rh8 27. Rf3 f5 28. g5 Rg7 29. Ra3 a6 30. Qb4 Ka7 31. Nd3 Qh2+ 32. Kf1 Qh1+ 33. Ke2 f4 34. Nxf4 Bg4 35. Qc5+ Kb8 36. Qxd5 Qb1 37. Rc3 Rh1 38. Qb3 Re7 39. Qc2 Qf1+ 40. Kd2 Bxf3 41. gxf3 Rh2+ 0-1

[Event "Chessable Masters Div 2"]
[Site "chess.com INT"]
[Date "2023.04.04"]
[Round "8"]
[White "Nodirbek Abdusattorov"]
[Black "Erigaisi Arjun"]
[Result "0-1"]
[EventDate "?"]
[WhiteElo "2703"]
[BlackElo "2685"]
[PlyCount "80"]

1. d4 d5 2. Nf3 Nf6 3. c4 e6 4. Nc3 c6 5. e3 Nbd7 6. Qc2 Bd6 7. b3 O-O 8. Bb2 e5 9. Be2 e4 10. Nd2 Nb8 11. O-O-O a5 12. f3 exf3 13. gxf3 a4 14. c5 axb3 15. axb3 Bc7 16. Na4 Re8 17. e4 Nh5 18. Bd3 Nf4 19. Rde1 Be6 20. Rhg1 g6 21. Nf1 Qh4 22. Ne3 Qxh2 23. Qd1 Nd7 24. Bc2 Ba5 25. Nc3 Rad8 26. Rh1 Qf2 27. Rhf1 Qh4 28. Rh1 Bh3 29. exd5 cxd5 30. Qd2 Nxc5 31. Kb1 Nce6 32. Ng4 Rc8 33. Re3 Kg7 34. Qh2 Bc7 35. Qd2 Qg5 36. Nb5 Bb8 37. Ne5 Bf5 38. Bxf5 Qxf5+ 39. Ka1 Rc2 40. Qe1 Ng2 0-1

[Event "Chessable Masters Div 2"]
[Site "chess.com INT"]
[Date "2023.04.04"]
[Round "9"]
[White "Erigaisi Arjun"]
[Black "Nodirbek Abdusattorov"]
[Result "0-1"]
[EventDate "?"]
[WhiteElo "2685"]
[BlackElo "2703"]
[PlyCount "84"]

1. d4 d5 2. Nc3 Bf5 3. f3 e6 4. e4 Bg6 5. Nh3 Bb4 6. Bd3 c5 7. dxc5 Nf6 8. Bg5 dxe4 9. Bxe4 Qc7 10. Bxf6 gxf6 11. Qd4 Bxc3+ 12. Qxc3 O-O 13. Bxg6 fxg6 14. O-O b6 15. Rfe1 Kf7 16. b4 Nd7 17. Qc4 Ne5 18. Qe4 Rae8 19. f4 Ng4 20. c6 b5 21. Rad1 Qb6+ 22. Kh1 Kg8 23. Rd7 Rf7 24. Red1 f5 25. Qf3 h6 26. R1d6 Nf6 27. Rxf7 Kxf7 28. Nf2 Ke7 29. Rd2 Rc8 30. Qg3 Qxc6 31. Qe3 Qc3 32. Rd3 Qxc2 33. h3 Rc7 34. Qg3 g5 35. fxg5 Qc1+ 36. Kh2 hxg5 37. h4 g4 38. Rd1 f4 39. Qd3 g3+ 40. Kh3 gxf2 41. Qd8+ Kf7 42. Rxc1 Rxc1 0-1

[Event "Chessable Masters Div 2"]
[Site "chess.com INT"]
[Date "2023.04.03"]
[Round "1"]
[White "Raunak Sadhwani"]
[Black "Erigaisi Arjun"]
[Result "1/2-1/2"]
[EventDate "?"]
[WhiteElo "2550"]
[BlackElo "2685"]
[PlyCount "134"]

1. e4 e5 2. Nf3 Nc6 3. Bc4 Nf6 4. d3 Bc5 5. Nc3 a6 6. O-O d6 7. Be3 Bxe3 8. fxe3 Na5 9. Bb3 O-O 10. d4 Qe7 11. Qd3 Bd7 12. Rae1 Rad8 13. Nd2 Nxb3 14. axb3 b5 15. Ne2 c5 16. d5 Ne8 17. Ra1 Nc7 18. c3 g6 19. Rf2 Kg7 20. Raf1 a5 21. h3 h5 22. Kh2 Ra8 23. Qc2 Ra7 24. Ng1 Qg5 25. Qd3 b4 26. Ngf3 Qe7 27. Ra1 Bb5 28. c4 Bd7 29. Nf1 h4 30. N1d2 Rh8 31. Raf1 Rf8 32. Qe2 Ne8 33. Qe1 g5 34. Ng1 Kg6 35. Qd1 Ng7 36. Ne2 Nh5 37. Rg1 Rh8 38. Rgf1 Rh7 39. Rg1 Kg7 40. Qe1 Kh8 41. Nc1 Ng3 42. Ne2 g4 43. Nc1 Nxe4 44. Nxe4 g3+ 45. Kh1 gxf2 46. Qxf2 f5 47. Nd2 a4 48. bxa4 Rxa4 49. Nd3 Ra2 50. Nf3 Rh6 51. Nh2 Qg7 52. g3 Rg6 53. g4 fxg4 54. Qxh4+ Rh6 55. Qd8+ Kh7 56. Nf2 g3 57. Nf3 Rg6 58. Ne4 Rxb2 59. Nfg5+ Kh6 60. Rxg3 Bf5 61. Nxd6 Rb1+ 62. Kh2 Rb2+ 63. Kg1 Rb1+ 64. Kf2 Rb2+ 65. Kg1 Rb1+ 66. Kh2 Rb2+ 67. Kg1 1/2-1/2

[Event "Chessable Masters Div 2"]
[Site "chess.com INT"]
[Date "2023.04.03"]
[Round "2"]
[White "Erigaisi Arjun"]
[Black "Raunak Sadhwani"]
[Result "1-0"]
[EventDate "?"]
[WhiteElo "2685"]
[BlackElo "2550"]
[PlyCount "84"]

1. c4 e5 2. Nc3 Nf6 3. Nf3 Nc6 4. d4 exd4 5. Nxd4 Nxd4 6. Qxd4 b6 7. Nd5 Nxd5 8. cxd5 Bb7 9. Bf4 c5 10. Qd2 Qf6 11. O-O-O Bd6 12. Qe3+ Kf8 13. Bxd6+ Qxd6 14. g3 Re8 15. Qd2 Qe5 16. e3 h5 17. Bh3 h4 18. Rhg1 Rh6 19. Bg2 hxg3 20. hxg3 Rh2 21. e4 Qf6 22. Qe3 d6 23. f4 Bc8 24. Rde1 Bh3 25. e5 dxe5 26. fxe5 Qh6 27. Qxh6 gxh6 28. Bf3 Rf2 29. Re3 Bf5 30. Bd1 Kg7 31. g4 Bg6 32. d6 Rf4 33. Bb3 Rd4 34. Rd1 Rxg4 35. e6 fxe6 36. d7 Rd8 37. Rxe6 c4 38. Ba4 Rf4 39. Rg1 Rf6 40. Re8 Rf8 41. Rxf8 Rxf8 42. Bc2 1-0

[Event "Chessable Masters Div 2"]
[Site "chess.com INT"]
[Date "2023.04.03"]
[Round "3"]
[White "Raunak Sadhwani"]
[Black "Erigaisi Arjun"]
[Result "1/2-1/2"]
[EventDate "?"]
[WhiteElo "2550"]
[BlackElo "2685"]
[PlyCount "192"]

1. e4 e5 2. Nf3 Nc6 3. Bc4 Nf6 4. d3 Bc5 5. Nc3 a6 6. O-O d6 7. a4 Be6 8. Bxe6 fxe6 9. Ne2 O-O 10. Ng3 Qe8 11. c3 a5 12. Qb3 Bb6 13. Be3 Nd7 14. Bxb6 Nxb6 15. d4 Rxf3 16. gxf3 exd4 17. f4 Kh8 18. Kh1 Qe7 19. Rae1 Rf8 20. f5 e5 21. Rg1 Qf7 22. Qc2 dxc3 23. bxc3 Nb8 24. Rg2 N8d7 25. Reg1 Rg8 26. Nf1 Qc4 27. Ne3 Qxa4 28. Qxa4 Nxa4 29. Nd5 g6 30. h4 c6 31. Ne7 Rg7 32. Nc8 Nf6 33. Nxd6 Nxc3 34. f4 Ncxe4 35. Nxe4 Nxe4 36. fxe5 Re7 37. fxg6 Rxe5 38. g7+ Kg8 39. Rf1 Re8 40. h5 h6 41. Rg6 a4 42. Rfg1 Re7 43. Kh2 Ng5 44. Rf1 Rxg7 45. Rxh6 a3 46. Rhf6 Ne4 47. Rf8+ Kh7 48. Ra1 Rg5 49. Rxa3 Rxh5+ 50. Kg2 Kg6 51. Rb8 Rb5 52. Kf3 Nf6 53. Re3 Kf7 54. Ke2 Nd5 55. Ree8 Nf4+ 56. Kd2 Ne6 57. Rh8 Ng5 58. Rbg8 Kf6 59. Rh6+ Ke7 60. Rg7+ Nf7 61. Rhh7 Rf5 62. Kd3 b5 63. Ke4 Rf6 64. Rg8 Kd6 65. Ke3 Kc5 66. Rf8 Re6+ 67. Kd2 Nd6 68. Rh5+ Kb4 69. Rf4+ Nc4+ 70. Kc2 c5 71. Rh3 Re2+ 72. Kd1 Rg2 73. Kc1 Rg1+ 74. Kc2 Rg2+ 75. Kc1 Ra2 76. Kb1 Rd2 77. Kc1 Rd5 78. Rg3 Re5 79. Rh3 Re8 80. Rg3 Re1+ 81. Kc2 Re2+ 82. Kc1 Ra2 83. Rh3 Ra4 84. Kc2 Ka5 85. Kc1 Ra1+ 86. Kc2 Nb6 87. Rh5 Na4 88. Rxa4+ Kxa4 89. Rxc5 Ra2+ 90. Kb1 Rh2 91. Rc3 b4 92. Rg3 Rh1+ 93. Kb2 Rh2+ 94. Kb1 Rh1+ 95. Kb2 Rh2+ 96. Kb1 1/2-1/2

[Event "Chessable Masters Div 2"]
[Site "chess.com INT"]
[Date "2023.04.03"]
[Round "4"]
[White "Erigaisi Arjun"]
[Black "Raunak Sadhwani"]
[Result "1/2-1/2"]
[EventDate "?"]
[WhiteElo "2685"]
[BlackElo "2550"]
[PlyCount "64"]

1. d4 d6 2. Nf3 g6 3. e4 Bg7 4. Bc4 Nf6 5. Qe2 Nc6 6. c3 e5 7. dxe5 Nxe5 8. Nxe5 dxe5 9. O-O Nh5 10. Rd1 Qf6 11. g3 O-O 12. Kg2 Qe7 13. Nd2 h6 14. a4 Kh7 15. a5 Qe8 16. a6 f5 17. f3 Nf6 18. b3 b6 19. Ba3 Rh8 20. exf5 gxf5 21. Re1 Nh5 22. Kh1 Qg6 23. Rad1 e4 24. fxe4 f4 25. e5 Rd8 26. e6 fxg3 27. Qe4 Qxe4+ 28. Nxe4 g2+ 29. Kg1 Rxd1 30. Rxd1 Nf4 31. Bc1 Nxe6 32. Kxg2 1/2-1/2

[Event "Airthings Masters Div 1"]
[Site "chess.com INT"]
[Date "2023.02.09"]
[Round "7"]
[White "Wesley So"]
[Black "Erigaisi Arjun"]
[Result "1-0"]
[EventDate "?"]
[WhiteElo "2780"]
[BlackElo "2685"]
[PlyCount "202"]

1. e4 e5 2. Nf3 Nc6 3. Bb5 a6 4. Ba4 Nf6 5. O-O Be7 6. Re1 b5 7. Bb3 O-O 8. a4 b4 9. a5 d6 10. d3 Be6 11. Bxe6 fxe6 12. Nbd2 Qe8 13. Nb3 Rb8 14. d4 Nd7 15. Qe2 Nxd4 16. Nbxd4 exd4 17. Nxd4 Nc5 18. Qc4 Bf6 19. Be3 Bxd4 20. Qxd4 Rb5 21. b3 e5 22. Qc4+ Qf7 23. Red1 Ra8 24. f3 Nb7 25. Rd5 c5 26. Qd3 Re8 27. h3 h6 28. Qd2 Qf6 29. Kh2 Kh7 30. Qd3 Qg6 31. Qd2 Re6 32. Qd3 Nxa5 33. Ra4 Qf6 34. Bc1 Kg8 35. Be3 Qe7 36. f4 exf4 37. Bxf4 Rxe4 38. Bxd6 Qe6 39. Bg3 Rd4 40. Rd8+ Kf7 41. Rxd4 cxd4 42. Qxd4 Nc6 43. Qf4+ Qf6 44. Qc4+ Qe6 45. Qf4+ Qf6 46. Qxf6+ gxf6 47. Rxa6 Rc5 48. Ra2 f5 49. Bf2 Rc3 50. Be1 Re3 51. Bd2 Re2 52. Bxh6 Nd4 53. Kg3 Kg6 54. Bf4 Rxc2 55. Rxc2 Nxc2 56. Be5 Ne3 57. Kf3 Nd5 58. Bd4 Ne7 59. Kf4 Nd5+ 60. Ke5 Nc3 61. Bc5 Ne2 62. Bxb4 Nc1 63. Kd4 Nxb3+ 64. Ke3 Kg5 65. g3 Kh5 66. Kd3 Kg5 67. Kc3 Nc1 68. Kd2 Nb3+ 69. Ke3 Kh5 70. Kd3 Kg5 71. Kc4 f4 72. Be7+ Kg6 73. gxf4 Nc1 74. Kd4 Ne2+ 75. Ke5 Ng3 76. Bh4 Nf5 77. Bf2 Ng7 78. h4 Nh5 79. f5+ Kf7 80. Be1 Ke7 81. Bd2 Kf7 82. Bc1 Ke7 83. Be3 Kf7 84. Bg5 Ng7 85. Kf4 Kg8 86. Kg4 Ne8 87. Bf4 Nf6+ 88. Kg5 Kf7 89. Be5 Nh7+ 90. Kh6 Nf8 91. h5 Nd7 92. Bd4 Nf8 93. Kg5 Nh7+ 94. Kf4 Kg8 95. Bc3 Kf8 96. h6 Kf7 97. Bg7 Kg8 98. Kg4 Kf7 99. Kh5 Kg8 100. Kg6 Nf6 101. Bxf6 1-0

[Event "Airthings Masters Div 1"]
[Site "chess.com INT"]
[Date "2023.02.09"]
[Round "8"]
[White "Erigaisi Arjun"]
[Black "Wesley So"]
[Result "1/2-1/2"]
[EventDate "?"]
[WhiteElo "2685"]
[BlackElo "2780"]
[PlyCount "76"]

1. e4 e5 2. Nf3 Nc6 3. Bc4 Bc5 4. c3 Nf6 5. d3 d6 6. Bg5 h6 7. Bh4 a5 8. O-O O-O 9. Re1 g5 10. Bg3 Ba7 11. Nbd2 Nh7 12. d4 h5 13. h3 Qf6 14. dxe5 dxe5 15. Bb5 g4 16. hxg4 hxg4 17. Nh2 Qg5 18. Bxc6 bxc6 19. Nc4 Rd8 20. Qa4 Nf6 21. Qxc6 Be6 22. Ne3 Nh5 23. Nhf1 Bb6 24. Rad1 Nxg3 25. Nxg3 Bxe3 26. fxe3 Rxd1 27. Qxa8+ Kg7 28. Nh5+ Qxh5 29. Rxd1 g3 30. Rd8 Qh2+ 31. Kf1 Qh1+ 32. Ke2 Qxg2+ 33. Kd3 Qf1+ 34. Kc2 Qe2+ 35. Kc1 Qe1+ 36. Kc2 Qe2+ 37. Kc1 Qe1+ 38. Kc2 Qe2+ 1/2-1/2

[Event "Airthings Masters Div 1"]
[Site "chess.com INT"]
[Date "2023.02.08"]
[Round "4"]
[White "Erigaisi Arjun"]
[Black "D Gukesh"]
[Result "1-0"]
[EventDate "?"]
[WhiteElo "2685"]
[BlackElo "2629"]
[PlyCount "94"]

1. e4 c6 2. d4 d5 3. f3 dxe4 4. fxe4 e5 5. Nf3 Bg4 6. c3 Nd7 7. Be2 Ngf6 8. Nbd2 exd4 9. cxd4 Bb4 10. O-O O-O 11. Qc2 Bh5 12. a3 Bxd2 13. Bxd2 Re8 14. e5 Nd5 15. Bd3 h6 16. Bh7+ Kh8 17. Bf5 Nf8 18. g4 Bg6 19. Kh1 Ne7 20. Bb4 Qd5 21. Rad1 Rad8 22. Bxe7 Rxe7 23. h4 Ne6 24. Kh2 Nf4 25. Kg3 Ne6 26. h5 Bxf5 27. gxf5 Nf8 28. Rde1 Nh7 29. Re4 Rg8 30. Rg4 Ree8 31. Kh2 f6 32. Qg2 Ng5 33. e6 Rd8 34. Nh4 Rge8 35. Rc1 Qxg2+ 36. Kxg2 Kg8 37. Kf2 Rd5 38. Ke3 Rb5 39. b4 a5 40. Rc5 Rxc5 41. dxc5 axb4 42. Rxb4 Rb8 43. Ng6 Nh7 44. Rd4 Ra8 45. a4 Nf8 46. e7 Re8 47. Rd8 1-0

[Event "Airthings Masters Div 1"]
[Site "chess.com INT"]
[Date "2023.02.08"]
[Round "5"]
[White "D Gukesh"]
[Black "Erigaisi Arjun"]
[Result "1/2-1/2"]
[EventDate "?"]
[WhiteElo "2629"]
[BlackElo "2685"]
[PlyCount "144"]

1. d4 d5 2. c4 e6 3. Nf3 Nf6 4. Nc3 c5 5. e3 dxc4 6. Bxc4 a6 7. Bd3 Nc6 8. a3 cxd4 9. exd4 Be7 10. h4 b5 11. Kf1 Bb7 12. h5 h6 13. Rh3 Rc8 14. Be3 Ng4 15. Qe2 O-O 16. Bf4 Bd6 17. Ne5 f5 18. Nxc6 Rxc6 19. Qxe6+ Kh8 20. d5 Rb6 21. Be3 Ne5 22. Bxb6 Qxb6 23. Re1 Bc8 24. Rxe5 Bxe6 25. Rxe6 b4 26. axb4 Qxb4 27. Rf3 Qxb2 28. Be2 Bb4 29. Nd1 Qd2 30. g3 Qxd5 31. Rxa6 f4 32. g4 Qe5 33. Ra4 Re8 34. Ne3 Bd6 35. Raxf4 Qa1+ 36. Kg2 Bxf4 37. Rxf4 Qe5 38. Rc4 Qe6 39. Bf3 Rf8 40. Re4 Qf6 41. Nf5 g6 42. hxg6 Qxg6 43. Re5 Qf6 44. Rd5 Rg8 45. Ng3 Rf8 46. Rf5 Qg7 47. Rh5 Rf6 48. Rd5 Qf8 49. Rd3 Rd6 50. Ra3 Rd8 51. Re3 Qf6 52. Nh5 Qf7 53. Kg3 Rf8 54. Kg2 Re8 55. Be4 Qe6 56. f3 Qb6 57. Rd3 Qb2+ 58. Kg3 Qb8+ 59. Nf4 Rf8 60. Bf5 h5 61. Rd4 hxg4 62. Kxg4 Rg8+ 63. Ng6+ Kg7 64. Kg5 Rd8 65. Re4 Qg3+ 66. Rg4 Qxf3 67. Nf4 Qxg4+ 68. Bxg4 Re8 69. Bf5 Re5 70. Nh5+ Kf8 71. Kf4 Rxf5+ 72. Kxf5 1/2-1/2

[Event "Airthings Masters Div 1"]
[Site "chess.com"]
[Date "2023.02.07"]
[Round "6"]
[White "Magnus Carlsen"]
[Black "Erigaisi Arjun"]
[Result "1-0"]
[EventDate "?"]
[WhiteElo "2839"]
[BlackElo "2685"]
[PlyCount "100"]

1. Nf3 Nf6 2. c4 c5 3. b3 Nc6 4. Bb2 d5 5. cxd5 Nxd5 6. Nc3 e5 7. Qb1 Be7 8. e3 Be6 9. Bb5 f6 10. O-O Nxc3 11. dxc3 Qc7 12. Rd1 O-O 13. Bd3 f5 14. e4 f4 15. Bb5 Bf6 16. Bxc6 Qxc6 17. c4 Qc7 18. Bc3 Rae8 19. Qb2 Bf7 20. Rd3 Re7 21. Rad1 Bg6 22. Qe2 Qc6 23. Rd5 Rfe8 24. h3 a6 25. Nh2 h5 26. Nf3 Re6 27. h4 b5 28. Ng5 Bxg5 29. hxg5 Bf7 30. Qf3 bxc4 31. bxc4 g6 32. Ba1 R6e7 33. Rd6 Qa4 34. Qb3 Qxb3 35. axb3 Re6 36. Rxe6 Bxe6 37. Rd6 Kf7 38. Bxe5 Bg4 39. Rf6+ Kg7 40. Bc3 Kh7 41. Rf7+ Kg8 42. Rg7+ Kf8 43. f3 Rb8 44. fxg4 Rxb3 45. gxh5 Rxc3 46. h6 Rg3 47. Rxg6 f3 48. h7 Rxg2+ 49. Kf1 Rh2 50. Rh6 1-0

[Event "Airthings Masters Div 1"]
[Site "chess.com"]
[Date "2023.02.07"]
[Round "7"]
[White "Erigaisi Arjun"]
[Black "Magnus Carlsen"]
[Result "1/2-1/2"]
[EventDate "?"]
[WhiteElo "2685"]
[BlackElo "2839"]
[PlyCount "96"]

1. d4 d5 2. c4 dxc4 3. Nf3 a6 4. e3 b5 5. a4 Bb7 6. b3 e6 7. bxc4 bxc4 8. Bxc4 Nf6 9. O-O Nbd7 10. Nbd2 Be7 11. Rb1 Rb8 12. Qe2 O-O 13. Bxa6 Bxa6 14. Qxa6 Rxb1 15. Nxb1 Qa8 16. Qc4 c5 17. Qa2 Rc8 18. Bd2 cxd4 19. Nxd4 Ne4 20. Rc1 Rxc1+ 21. Bxc1 Ndc5 22. f3 Nf6 23. Nc3 Qa6 24. Qe2 Qa5 25. Qc4 Nd5 26. Bd2 Qa8 27. a5 Qxa5 28. Nxd5 exd5 29. Qc1 Qa4 30. Nf5 Bf8 31. Bc3 Qc4 32. Qd2 Ne6 33. h3 h5 34. Bb2 g6 35. Nd4 Nxd4 36. Bxd4 Bg7 37. Bxg7 Kxg7 38. Kf2 h4 39. Qb2+ Kg8 40. Qb8+ Kg7 41. Qe5+ Kg8 42. f4 Qc2+ 43. Kg1 Qd1+ 44. Kh2 Qe1 45. Qe8+ Kg7 46. Qe5+ Kg8 47. Qe8+ Kg7 48. Qe5+ Kg8 1/2-1/2

[Event "Airthings Masters Div 1"]
[Site "chess.com"]
[Date "2023.02.07"]
[Round "8"]
[White "Magnus Carlsen"]
[Black "Erigaisi Arjun"]
[Result "0-1"]
[EventDate "?"]
[WhiteElo "2839"]
[BlackElo "2685"]
[PlyCount "98"]

1. c4 e6 2. Nc3 d5 3. d4 c6 4. cxd5 exd5 5. Bf4 Nf6 6. e3 Bf5 7. Nge2 Nh5 8. Ng3 Nxf4 9. Nxf5 Ne6 10. g3 Nd7 11. Bd3 g6 12. Nh4 Bg7 13. Nf3 O-O 14. O-O b5 15. Rc1 Rc8 16. h4 a5 17. Kg2 Qe7 18. Ne2 b4 19. Nf4 Nxf4+ 20. exf4 c5 21. f5 cxd4 22. Rxc8 Rxc8 23. fxg6 hxg6 24. h5 Qf6 25. hxg6 fxg6 26. Qe2 Nc5 27. Rc1 Bf8 28. Bb1 Rc7 29. Nh4 g5 30. Qg4 d3 31. Nf3 Rg7 32. b3 Qg6 33. Re1 Re7 34. Rd1 Qe4 35. Qxg5+ Rg7 36. Qh5 Ne6 37. Kg1 Rh7 38. Qe8 Qxf3 39. Qxe6+ Kh8 40. Qe5+ Kg8 41. Qe6+ Rf7 42. Qg6+ Bg7 43. Rd2 Qe4 44. Qxe4 dxe4 45. Kg2 Bc3 46. Rd1 Bd4 47. f3 Rxf3 48. Re1 Rf2+ 49. Kh3 d2 0-1

[Event "Airthings Masters Div 1"]
[Site "chess.com"]
[Date "2023.02.07"]
[Round "9"]
[White "Erigaisi Arjun"]
[Black "Magnus Carlsen"]
[Result "1/2-1/2"]
[EventDate "?"]
[WhiteElo "2685"]
[BlackElo "2839"]
[PlyCount "98"]

1. d4 Nf6 2. c4 e6 3. Nc3 Bb4 4. e3 O-O 5. Bd3 c5 6. Ne2 d5 7. cxd5 cxd4 8. exd4 Nxd5 9. O-O Nc6 10. Bc2 Re8 11. Qd3 g6 12. Rd1 Bf8 13. Qf3 Bd7 14. Nxd5 exd5 15. Be3 Bg7 16. Bb3 Be6 17. Nf4 Qf6 18. Qg3 Rad8 19. Rac1 Ne7 20. Nxe6 Qxe6 21. Ba4 Nf5 22. Qc7 Rc8 23. Qxb7 Rb8 24. Qc7 Rec8 25. Qd7 Qxd7 26. Bxd7 Nxe3 27. fxe3 Rxc1 28. Rxc1 Rxb2 29. Rc8+ Bf8 30. Bc6 Rc2 31. Bb7 Rxc8 32. Bxc8 f5 33. Be6+ Kg7 34. Bxd5 Kf6 35. Kf2 h5 36. g3 Bd6 37. h3 Bc7 38. Kf3 Bd6 39. g4 hxg4+ 40. hxg4 Kg5 41. gxf5 gxf5 42. a4 a5 43. Ke2 Kf6 44. Kd3 Bh2 45. Kc4 Bg1 46. e4 fxe4 47. Bxe4 Bf2 48. Kb5 Bxd4 49. Kxa5 Bc3+ 1/2-1/2

[Event "Airthings Masters Div 1"]
[Site "chess.com"]
[Date "2023.02.07"]
[Round "10"]
[White "Erigaisi Arjun"]
[Black "Magnus Carlsen"]
[Result "1/2-1/2"]
[EventDate "?"]
[WhiteElo "2685"]
[BlackElo "2839"]
[PlyCount "104"]

1. e4 e5 2. Nf3 Nc6 3. Bc4 Nf6 4. d3 Be7 5. O-O O-O 6. a4 d6 7. h3 a5 8. Re1 Be6 9. Bxe6 fxe6 10. c3 Qd7 11. Na3 Rad8 12. Nc4 b6 13. Rb1 Qe8 14. Be3 Nd7 15. Na3 Qg6 16. Nb5 Rc8 17. b4 h6 18. Kh1 d5 19. Bd2 Kh8 20. bxa5 Nxa5 21. c4 c6 22. Nc3 dxc4 23. dxc4 Nxc4 24. Bxh6 Qxh6 25. Qxd7 Bc5 26. Qd3 Rcd8 27. Qe2 Nd2 28. Nxe5 Nxb1 29. Rxb1 Rxf2 30. Qxf2 Bxf2 31. Nf7+ Kh7 32. Nxh6 Kxh6 33. g4 Bc5 34. Ne2 Kg5 35. a5 bxa5 36. Rc1 Ba7 37. Rxc6 Rd2 38. Ra6 Rxe2 39. Rxa7 Kh4 40. Kg1 Kxh3 41. Rxg7 Kg3 42. Kf1 Rxe4 43. g5 Kg4 44. g6 Kf5 45. Ra7 Kxg6 46. Rxa5 e5 47. Kf2 Kf5 48. Ra3 Rf4+ 49. Ke2 Re4+ 50. Kf2 Rf4+ 51. Ke2 Re4+ 52. Kf2 1/2-1/2

[Event "Airthings Masters Div 1"]
[Site "chess.com"]
[Date "2023.02.06"]
[Round "1"]
[White "Alireza Firouzja"]
[Black "Erigaisi Arjun"]
[Result "0-1"]
[EventDate "?"]
[WhiteElo "2745"]
[BlackElo "2685"]
[PlyCount "64"]

1. e4 e5 2. Nf3 Nc6 3. Bc4 Nf6 4. d3 Bc5 5. c3 O-O 6. b4 Be7 7. Nbd2 d5 8. Bb3 Be6 9. O-O a6 10. Re1 Qd7 11. Bb2 dxe4 12. dxe4 Rad8 13. a4 Nh5 14. g3 Bh3 15. Kh1 Nf6 16. Qe2 Bg4 17. Nc4 Bd6 18. Kg2 b5 19. axb5 axb5 20. Na3 Rb8 21. Qe3 Ne7 22. Ng5 Qc8 23. f4 h6 24. Nf3 exf4 25. gxf4 Bh3+ 26. Kh1 Qg4 27. Rg1 Qxf4 28. Rae1 Ng4 29. Qe2 Qxe4 30. Bc1 Ng6 31. Bc2 Qc6 32. c4 Rbe8 0-1

[Event "Airthings Masters Div 1"]
[Site "chess.com"]
[Date "2023.02.06"]
[Round "2"]
[White "Erigaisi Arjun"]
[Black "Alireza Firouzja"]
[Result "1-0"]
[EventDate "?"]
[WhiteElo "2685"]
[BlackElo "2745"]
[PlyCount "106"]

1. d4 Nf6 2. Bf4 b6 3. e3 Bb7 4. Nd2 d6 5. h3 Nbd7 6. Ngf3 g6 7. Be2 Bg7 8. O-O O-O 9. a4 a6 10. c3 Re8 11. Bh2 e5 12. Nc4 exd4 13. cxd4 a5 14. Rc1 Nd5 15. Bxd6 cxd6 16. Nxd6 Qb8 17. Nxe8 Qxe8 18. Bb5 Rd8 19. Qb3 h6 20. Rfe1 Rc8 21. e4 Nf4 22. Qe3 g5 23. h4 Rxc1 24. Qxc1 Qe6 25. hxg5 Qg4 26. g3 Nh3+ 27. Kg2 hxg5 28. Nh2 Bxe4+ 29. Rxe4 Qxe4+ 30. Kxh3 Qxd4 31. Qxg5 Nc5 32. Ng4 Ne6 33. Qf5 Qd1 34. Bc4 Qh1+ 35. Nh2 Qc6 36. b3 Nd8 37. Bd5 Qd6 38. Ng4 Kf8 39. Kg2 Bd4 40. Qe4 Qc5 41. Qf3 Ke7 42. Bc4 Qc6 43. Bd5 Qc5 44. Nh6 Bxf2 45. Nxf7 Bd4 46. Qe4+ Kd7 47. Qf5+ Ke7 48. Qe4+ Kd7 49. Qg4+ Ke7 50. Qh4+ Bf6 51. Qe4+ Kd7 52. Qf5+ Ke7 53. Nxd8 1-0

[Event "Airthings Masters Div 1"]
[Site "chess.com"]
[Date "2023.02.06"]
[Round "3"]
[White "Alireza Firouzja"]
[Black "Erigaisi Arjun"]
[Result "0-1"]
[EventDate "?"]
[WhiteElo "2745"]
[BlackElo "2685"]
[PlyCount "80"]

1. c4 c5 2. Nc3 Nc6 3. Nf3 Nf6 4. g3 d5 5. cxd5 Nxd5 6. Bg2 g6 7. Ne4 c4 8. Qc2 b5 9. b3 Bg7 10. Bb2 Ndb4 11. Qc1 Bxb2 12. Qxb2 O-O 13. a3 Bf5 14. Nh4 Qd4 15. Rb1 Bxe4 16. Qxd4 Nc2+ 17. Kd1 N6xd4 18. Bxe4 Nxa3 19. Ra1 b4 20. Bxa8 Nxb3 21. Ra2 Rxa8 22. e3 e5 23. Ke2 e4 24. f3 exf3+ 25. Nxf3 a5 26. Rf1 f6 27. Nh4 Ra6 28. Ng2 Rd6 29. Nf4 c3 30. dxc3 Nb5 31. Rc2 Nxc3+ 32. Kf2 a4 33. Ne2 Rd2 34. Rxd2 Nxd2 35. Rc1 Nde4+ 36. Ke1 b3 37. Nxc3 Nxc3 38. Rxc3 b2 39. Rc8+ Kg7 40. Rb8 a3 0-1

[Event "Airthings Masters"]
[Site "chess.com INT"]
[Date "2023.02.03"]
[Round "1"]
[White "SL Narayanan"]
[Black "Arjun Erigaisi"]
[Result "1/2-1/2"]
[EventDate "2023.02.03"]
[WhiteElo "2669"]
[BlackElo "2701"]
[PlyCount "104"]

1. d4 d5 2. Nf3 Nf6 3. c4 e6 4. Nc3 c6 5. e3 Nbd7 6. Be2 Bd6 7. O-O O-O 8. Qc2 dxc4 9. a4 a6 10. Bxc4 c5 11. Rd1 Qc7 12. Bd3 cxd4 13. exd4 b6 14. Qe2 Bb7 15. h3 Qc6 16. Be3 Bc7 17. Rac1 Qd6 18. Bg5 h6 19. Bxf6 Bxf3 20. Qxf3 Qh2+ 21. Kf1 Nxf6 22. Ne4 Nd5 23. Ng3 Bf4 24. Rb1 f5 25. Ke2 Bxg3 26. fxg3 f4 27. g4 Rad8 28. Be4 Nf6 29. Bc6 Rd6 30. Rbc1 Rfd8 31. Qf2 h5 32. g5 Rxc6 33. gxf6 Rdc8 34. Rxc6 Rxc6 35. fxg7 Kxg7 36. d5 Rc2+ 37. Rd2 Rxd2+ 38. Kxd2 exd5 39. Qd4+ Kg6 40. Qxd5 Qg3 41. Qe6+ Kh7 42. Qf7+ Kh6 43. Qf8+ Kh7 44. Qe7+ Kh6 45. Qd6+ Kg5 46. Qe7+ Kf5 47. Qd7+ Ke5 48. Qe7+ Kd5 49. Qd7+ Kc4 50. Qe6+ Kc5 51. Qe7+ Kd5 52. Qd7+ 1/2-1/2

[Event "Airthings Masters"]
[Site "chess.com INT"]
[Date "2023.02.03"]
[Round "3"]
[White "Arjun Erigaisi"]
[Black "Alan Pichot"]
[Result "1-0"]
[EventDate "2023.02.03"]
[WhiteElo "2701"]
[BlackElo "2638"]
[PlyCount "72"]

1. d4 d5 2. Nc3 Nf6 3. Bf4 e6 4. Nb5 Na6 5. e3 Be7 6. Nf3 O-O 7. h4 c6 8. Nc3 Qa5 9. Be2 Ne4 10. O-O Nxc3 11. bxc3 Qxc3 12. Rb1 Nb4 13. a3 Na6 14. Bxa6 bxa6 15. Ne5 Bd6 16. Qg4 Bxe5 17. Bxe5 f6 18. Bd6 Rf7 19. Qe2 e5 20. Rb3 Qc4 21. Qd2 Bf5 22. Rfb1 h6 23. Rc3 Qa4 24. Rb4 Qa5 25. dxe5 fxe5 26. Rxc6 Re8 27. Bxe5 Qxa3 28. Bb2 Qa5 29. Qc3 Kh7 30. Rc5 Qd8 31. Rf4 Qd7 32. Qa5 Be4 33. f3 Bxf3 34. Rxf3 Rxf3 35. gxf3 Qh3 36. Qc7 1-0